1122 1790 1152 1958 1240 1401 1409 1678 1552 1726 1532 1861 1087 1606 1784 1769 1206 1347 1024 1571 1168 1606 1496 1958 1502 1944 1862 1360 1815 1470 1572 1506 1798 1137 1157 1086 1681 1903 1977 1225 1545 1513 1973 1354 1838 1387 1063 1188 1747 1684 1034 1230 1464 1893 1995 1920 1287 1945 1305 1047 1123 1553 1328 1048 1067 1979 1503 1817 1342 1408 1829 1875 1760 1375 1117 1207 1858 1428 1502 1261 1209 1671 1449 1679 1197 1128 1414 1141 1822 1238 1940 1180 1205 1984 1084 1275 1485 1004 1433 BCNSPRNW ULIB Ver.6.0+V

เปลี่ยนเป็นภาษาไทย

Change to English
 แสดงรายละเอียดบรรณานุกรม
  กลับหน้าหลัก

Brief Record : Get Marc (ISO 2709) : E-mail record : QR code < ปิดหน้าต่าง
LEADER : 00000nam 2200000uu 4500
001    13399114808
003     ULIB
008    120522s2011||||th 000 0 tha d
020    ^a9786161110260
060 04 ^aWA540.JT3^bM47t
100    ^aSuwit Wibulpolprasert
110    ^aMinistry of Public Health
245 00 ^aThailand health profile 2008-2010/^ceditor by Suwit Wibulpolprasert
260    ^aBangkok :^bBureau of Policy and Strategy, Ministry of Public Health,^c2011
300    ^a525 p. :^bill. ;^c30 cm.
310    ^aAnnual
650  0 ^aVital statistics^zThailand
650  0 ^aMedical policy^zThailand
650  2 ^aHealth Care^zThailand
650  2 ^aPrimary Health Care
650  2 ^aPublic Health^zThailand^vstatistics
700    ^aSuwit Wibulpolprasert^eeditor
710 1  ^aThailand. ^bMinistry of Public Health
945    ^p0^l0^i031798
995    ^aKesorn
999    ^aใช้งานได้ทุกระบบ
รายการนี้ยังไม่มีแท็ก
คุณยังไม่ได้ล็อกอิน คุณสามารถมีกิจกรรมร่วมกับเว็บไซต์ได้ แต่ต้องล็อกอินก่อน ::
  ล็อกอิน

รายการสื่อสารสนเทศ

ลำดับที่ ประเภท เลขเรียก/บาร์โค้ด สถานที่ สถานะ
- ไม่พบข้อมูล -

รายการใกล้เคียง
    ผู้แต่ง [Suwit Wibulpolprasert]

    หัวเรื่อง [Primary Health Care]

BibComment


ยังไม่เคยถูกคอมเมนท์

คอมเมนท์ทรัพยากรรายการนี้
  คอมเมนท์: Thailand health ..


 Copyright 2026. Bcnsprnw @Library